000 00827cam a2200229 4500
005 20150818115858.0
008 150818b mx ||||| |||| 00| 0 spa d
020 _a9681656679
050 0 4 _aBX1427
_bA42 1999
100 1 _aAlberro, Solange
245 1 3 _aEl águila y la cruz :
_bOrígenes religiosos de la conciencia criolla : México siglos XVI-XVII /
_cSolange Alberro.
250 _a1a ed.
260 _aMéxico. :
_bFideicomiso História de las Américas, El Colegio de México, F. C. E.,
_c1999
300 _a192 p.
_bil. ;
_c22 cm.
490 _aSeccion de obras de historia. Ensayos
500 _a2 ejemplares
504 _aBibliografia: p. 179-190
505 _aProyecto FOMES 1999, uno de ellos
650 7 _2LEMB
_aNacionalismo
_zMexico
650 7 _aIglesia Católica en México
_2LEMB
942 _2lcc
_cLIB
999 _c61470
_d61470